Quiz de Arte e Arquitetura de Portugal - Statistics

Estatísticas Gerais
  • Esse quiz foi jogado 40 vezes
    38 desde o último reset
  • A pontuação média é 16 de 39
Estatísticas das Respostas
Questão Resposta % Correto
Ao longo da sua carreira artística, Nadir Afonso passou por vários períodos artísticos. Abaixo estão representadas, por ordem, as seguintes obras deste artista: Estudo para Les Villes; Veneza; Estudo para Place Rouge; Copacabana. Qual destas obras não pertence ao Período Ogival?
91%
Abaixo estão representadas, por ordem, as seguintes obras: Retrato de Fernando Pessoa; Retrato de D. Carlos I; Retrato da Rainha D. Leonor; Retrato Oficial do Presidente Mário Soares. Qual destes retratos de célebres personalidades portuguesas é da autoria de José de Almada Negreiros?
82%
A caricatura do Zé Povinho é da autoria de: Rafael Bordallo Pinheiro
82%
Abaixo estão representadas, por ordem, as seguintes obras: Visitação; Casamento na Aldeia; Graça Lobo, Laranja; Branca de Neve Brincando com os Troféus do Pai. Qual destas é da autoria de Paula Rego?
73%
Qual dos seguintes pintores portugueses não integra o conceito do Modernismo? Pedro Alexandrino de Carvalho
73%
Abaixo estão representadas, por ordem, as seguintes obras arquitetónicas: Torre dos Clérigos (Porto); Mosteiro da Batalha; Mosteiro de Alcobaça; Sé de Lamego. Qual destas não segue o estilo arquitetónico do Gótico, mas sim do Barroco?
64%
Abaixo estão representados, por ordem, quatro palácios portugueses: Casa da Ínsua; Palácio Nacional da Ajuda; Palácio da Regaleira; Palácio de Mateus. Qual destes segue uma traça neoclássica?
64%
Abaixo estão representadas, por ordem, as seguintes obras: O Fado; Os Bêbados; A Volta do Mercado; Clara. Qual destas não é da autoria de José Malhoa?
55%
Qual das seguintes fotografias é da autoria de Alfredo Cunha?
55%
Vasco Fernandes, comumente apelidado de Grão Vasco, foi um pintor português... ...de Quinhentos, que sofreu profunda influência do movimento renascentista.
55%
Henrique Pousão é conhecido por ter sido um pintor: Naturalista
55%
Abaixo estão representadas, por ordem, as seguintes obras: Figuras em jardim; O Sobreiro; Leitura de uma Carta; Casas Brancas de Capri. Qual destas é da autoria do rei D. Carlos I?
45%
Abaixo estão representadas, por ordem, as seguintes obras: Partida de emigrantes; Retrato do bailarino Francis; Bailarico; Canção Popular - a Russa e o Fígaro. Qual destas é da autoria de Amadeo de Souza-Cardoso?
45%
A obra de Maria Helena Vieira da Silva ficou marcada fundamentalmente pelo estilo: Abstrato
45%
José Franco foi um ilustre: Ceramista, escultor e oleiro, autor da Aldeia Típica que carrega o seu nome.
45%
Vhils é um artista português conhecido pelos seus: Grafitis
45%
Cristóvão de Morais, autor do célebre Retrato de D. Sebastião foi um pintor do: Maneirismo
45%
Atribui-se a autoria dos Painéis de São Vicente a: Nuno Gonçalves
45%
Abaixo estão representadas, por ordem, as seguintes obras: O Almoço do Trolha; Cabeça; Família; Éguas de Manada. Qual destas é da autoria de Dordio Gomes?
36%
Abaixo estão representadas, por ordem, as seguintes obras: Homens no mar; Prisioneiros políticos; Retrato de Margarida Tengarrinha; Morte de Catarina Eufémia. Qual destas não é da autoria de José Dias Coelho?
36%
Júlio Pomar fez parte da: 3ª geração modernista
36%
A célebre estátua, em bronze, de D. Afonso Henriques, localizada junto ao Paço dos Duques de Bragança, em Guimarães, é da autoria de: António Soares dos Reis
36%
A Casa das Histórias Paula Rego, museu de Arte sito na vila de Cascais, foi projetada pelo arquiteto: Eduardo Souto de Moura
36%
A ínclita Estátua Equestre de D. José I, sita no Terreiro do Paço, em Lisboa, é uma obra de escultura da autoria de: Joaquim Machado de Castro
36%
Mário Cesariny foi, porventura, o maior vulto do: Surrealismo português
36%
Onde fica o Museu do Neo-realismo? Vila Franca de Xira
36%
Abaixo estão representadas, por ordem, as seguintes obras: Pequena Fiandeira Napolitana; Milho ao Sol; Guardando o Rebanho; Maria da Fonte. Qual destas é da autoria de José Malhoa?
27%
Qual das seguintes pintoras portuguesas nasceu no Chile? Aurélia de Sousa
27%
Eduardo Afonso Viana foi um pintor: Modernista
27%
A Estação Ferroviária do Rossio é um belo exemplar de arquitetura: Neomanuelina
27%
Abaixo estão representadas, por ordem, os seguintes retratos de ilustres figuras portuguesas: Retrato de Antero de Quental; Retrato de D. João VI; Retrato do Príncipe Luís Filipe; Retrato de Carlos Relvas. Qual destes é da autoria de Domingos Sequeira?
18%
Qual dos seguintes auto-retratos de artistas portugueses corresponde à figura de Pedro Alexandrino de Carvalho?
18%
A instalação "Uma floresta para os teus sonhos" é da autoria de: Alberto Carneiro
18%
Gregório Lopes foi pintor régio de: D. Manuel I e D. João III
18%
Garcia Fernandes, Jorge Afonso, Cristóvão de Figueiredo e Gregório Lopes têm em comum: O facto de terem vivido no século XVI e no enquadramento artístico do Renascimento.
18%
Francisco dos Santos notabilizou-se por: Ter sido o grande escultor da Estátua do Marquês de Pombal, em Lisboa.
18%
Abaixo estão representadas, por ordem, as seguintes obras: Praia das Maçãs; Súplica de Inês de Castro; O Banho; Santo Agostinho Calcando aos Pés a Heresia. Qual destas é da autoria de Vieira Portuense?
9%
Francisco Vieira de Matos, mais conhecido por Vieira Lusitano, foi o mais relevante pintor português... ...do século XVIII, sendo que chegou a ser pintor régio de D. João V.
9%
Qual destas obras de escultura não é da autoria de Francisco Franco? Estátua de mármore chamada «Menina, filha dos condes de Almedina, neta da duquesa de Palmela»
9%
Nenhum quiz correspondente encontrado
Distribuição das Pontuações
Porcentagem de Pessoas com Cada Pontuação
Percentil de Números Respondidos
Sua Pontuação Histórica
Você não jogou esse quiz desde o último reset